<?xml version="1.0" encoding="UTF-8"?>
<record
    xmlns:xsi="http://www.w3.org/2001/XMLSchema-instance"
    xsi:schemaLocation="http://www.loc.gov/MARC21/slim http://www.loc.gov/standards/marcxml/schema/MARC21slim.xsd"
    xmlns="http://www.loc.gov/MARC21/slim">

  <leader>00491nam a2200181Ia 4500</leader>
  <controlfield tag="008">230718s9999    xx            000 0 und d</controlfield>
  <datafield tag="020" ind1=" " ind2=" ">
    <subfield code="a">9788131705339</subfield>
  </datafield>
  <datafield tag="041" ind1=" " ind2=" ">
    <subfield code="a">eng</subfield>
  </datafield>
  <datafield tag="082" ind1=" " ind2=" ">
    <subfield code="a">621.815</subfield>
    <subfield code="b">NOR</subfield>
  </datafield>
  <datafield tag="100" ind1=" " ind2=" ">
    <subfield code="a">Norton R.L.</subfield>
    <subfield code="9">133855</subfield>
  </datafield>
  <datafield tag="245" ind1=" " ind2=" ">
    <subfield code="a">Machine Design</subfield>
    <subfield code="b">An Integrated Approach</subfield>
  </datafield>
  <datafield tag="250" ind1=" " ind2=" ">
    <subfield code="a">2nd ed.</subfield>
  </datafield>
  <datafield tag="260" ind1=" " ind2=" ">
    <subfield code="c">2006</subfield>
    <subfield code="b">Pearson</subfield>
  </datafield>
  <datafield tag="300" ind1=" " ind2=" ">
    <subfield code="a">1078</subfield>
  </datafield>
  <datafield tag="365" ind1=" " ind2=" ">
    <subfield code="c">Rs.</subfield>
    <subfield code="b">909.00</subfield>
  </datafield>
  <datafield tag="700" ind1=" " ind2=" ">
    <subfield code="a">Norton R.L.</subfield>
    <subfield code="9">133855</subfield>
  </datafield>
  <datafield tag="906" ind1=" " ind2=" ">
    <subfield code="d">O:0531627-Sep-2016B:SE/SI/329226-Sep-2016</subfield>
    <subfield code="c">MECH</subfield>
    <subfield code="b">1181.7</subfield>
  </datafield>
  <datafield tag="999" ind1=" " ind2=" ">
    <subfield code="c">343269</subfield>
    <subfield code="d">343269</subfield>
  </datafield>
  <datafield tag="952" ind1=" " ind2=" ">
    <subfield code="0">0</subfield>
    <subfield code="1">0</subfield>
    <subfield code="4">0</subfield>
    <subfield code="7">0</subfield>
    <subfield code="a">CCEP</subfield>
    <subfield code="b">CCEP</subfield>
    <subfield code="d">2016-09-27</subfield>
    <subfield code="e">Suyog Enterprises</subfield>
    <subfield code="f">MECH</subfield>
    <subfield code="g">672.66</subfield>
    <subfield code="i">SE/SI/3292</subfield>
    <subfield code="l">2</subfield>
    <subfield code="o">621.815</subfield>
    <subfield code="p">CCEP-BK-54476</subfield>
    <subfield code="r">2025-05-24 00:00:00</subfield>
    <subfield code="s">2025-05-22</subfield>
    <subfield code="t">1181.7</subfield>
    <subfield code="v">909.00</subfield>
    <subfield code="w">2016-09-26</subfield>
    <subfield code="y">BK</subfield>
    <subfield code="z">054476</subfield>
  </datafield>
</record>
